Detalles MARC
| 000 -LEADER |
| fixed length control field |
04164nam a2200553Ii 4500 |
| 001 - CONTROL NUMBER |
| control field |
DIGIBE0605 |
| 003 - CONTROL NUMBER IDENTIFIER |
| control field |
NyNyDIG |
| 008 - FIXED-LENGTH DATA ELEMENTS--GENERAL INFORMATION |
| fixed length control field |
190430s2016 sp a ob 000 0 spa d |
| 006 - FIXED-LENGTH DATA ELEMENTS--ADDITIONAL MATERIAL CHARACTERISTICS |
| fixed length control field |
m o d |
| 007 - PHYSICAL DESCRIPTION FIXED FIELD--GENERAL INFORMATION |
| fixed length control field |
cr ||||||||||| |
| 035 ## - SYSTEM CONTROL NUMBER |
| System control number |
(OCoLC)1088909717 |
| 040 ## - CATALOGING SOURCE |
| Original cataloging agency |
DGITA |
| Language of cataloging |
eng |
| Description conventions |
rda |
| -- |
pn |
| Transcribing agency |
DGITA |
| 020 ## - INTERNATIONAL STANDARD BOOK NUMBER |
| International Standard Book Number |
9783954878598 |
| Qualifying information |
(eBook ; |
| -- |
pdf) |
| 020 ## - INTERNATIONAL STANDARD BOOK NUMBER |
| International Standard Book Number |
3954878593 |
| Qualifying information |
(eBook ; |
| -- |
pdf) |
| 020 ## - INTERNATIONAL STANDARD BOOK NUMBER |
| Canceled/invalid ISBN |
9788484899341 |
| Qualifying information |
(Iberoamericana) |
| 020 ## - INTERNATIONAL STANDARD BOOK NUMBER |
| Canceled/invalid ISBN |
8484899349 |
| Qualifying information |
(Iberoamericana) |
| 020 ## - INTERNATIONAL STANDARD BOOK NUMBER |
| Canceled/invalid ISBN |
9783954874699 |
| Qualifying information |
(Vervuert) |
| 020 ## - INTERNATIONAL STANDARD BOOK NUMBER |
| Canceled/invalid ISBN |
3954874695 |
| Qualifying information |
(Vervuert) |
| 043 ## - GEOGRAPHIC AREA CODE |
| Geographic area code |
e-sp--- |
| 050 14 - LIBRARY OF CONGRESS CALL NUMBER |
| Classification number |
DP271.C37 eBook |
| 082 04 - DEWEY DECIMAL CLASSIFICATION NUMBER |
| Classification number |
946.082092 |
| 245 03 - TITLE STATEMENT |
| Title |
El atentado contra Carrero Blanco como lugar de (no-)memoria : |
| Remainder of title |
narraciones históricas y representaciones culturales / |
| Statement of responsibility, etc. |
Patrick Eser, Stefan Peters (editores). |
| 264 #1 - PRODUCTION, PUBLICATION, DISTRIBUTION, MANUFACTURE, AND COPYRIGHT NOTICE |
| Place of production, publication, distribution, manufacture |
Madrid : |
| Name of producer, publisher, distributor, manufacturer |
Iberoamericana ; |
| Place of production, publication, distribution, manufacture |
Frankfurt am Main : |
| Name of producer, publisher, distributor, manufacturer |
Vervuert Verlag, |
| Date of production, publication, distribution, manufacture, or copyright notice |
2016. |
| 300 ## - PHYSICAL DESCRIPTION |
| Extent |
1 online resource : |
| Other physical details |
illustrations. |
| 336 ## - CONTENT TYPE |
| Content type term |
text |
| Content type code |
txt |
| Source |
rdacontent |
| 337 ## - MEDIA TYPE |
| Media type term |
computer |
| Media type code |
c |
| Source |
rdamedia |
| 338 ## - CARRIER TYPE |
| Carrier type term |
online resource |
| Carrier type code |
cr |
| Source |
rdacarrier |
| 490 1# - SERIES STATEMENT |
| Series statement |
La Casa de la riqueza. Estudios de cultura de España ; |
| Volume/sequential designation |
34 |
| 504 ## - BIBLIOGRAPHY, ETC. NOTE |
| Bibliography, etc. note |
Includes bibliographical references. |
| 505 0# - FORMATTED CONTENTS NOTE |
| Formatted contents note |
El atentado contra Carrero Blanco como lugar de (no-)memoria : giros en torno a un hueco en la memoria colectiva desde perspectivas interdisciplinarias / Patrick Eser, Stefan Peters -- Preludio incómodo : el atentado de Carrero Blanco en la narrativa de la Transición española a la democracia / Pablo Sánchez León -- El debate de la memoria en el País Vasco : Luis Carrero Blanco y el nacionalismo vasco / Lusger Mees, Virginia López de Maturana -- El tratamiento de la prensa española del magnicidio de Carrero Blanco / Eduardo Uriarte Romero -- Violencia política en Euskadi : entre el tiranicidio y el olvido de las víctimas / Antonio Duplá Ansuategui -- "Como después de una detonación cambia el silencio..." : el atentado de ETA contra Carrero Blanco, la acción directa y la cronopolítica de la resistencia antifranquista / Ulrich Winter -- ¿Asesinato, tiranicidio, voladura? : narraciones y representaciones culturales de la violencia política respecto al lugar de (no-)memoria de la Operación Ogro / Patrick Eser -- Contingencia y democracia : las luchas por la representación del magnicidio de Carrero Blanco durante la Transición española (1973-1980) / Germán Labrado Méndez -- Más allá de la imagen : el asesinato de Carrero Blanco en la ficción audiovisual / Santiago de Pablo, Igor Barrenetxea Marañón -- Yul lala! Carrero Blanco como lugar de memoria en la canción y literatura vascas / Mikel Ayerbe, Mari Jose Olaziregi -- Memoria sin testimonio o Carrero Lost in translation : la transmisión intergeneracional del relato sobre el atentado a Carrero Blanco / Enrique Maestu, Marina Montoto, Lidia Carrasco -- La dinámica cultural de la Operación Ogro : cambio de los imperativos de conmemoración y narraciones asimétricas / Patrick Eser -- El ogro de la realidad / Joseba Zulaika. |
| 588 0# - SOURCE OF DESCRIPTION NOTE |
| Source of description note |
Online resource; title from PDF title page (Digitalia, viewed April 30, 2019) |
| 600 10 - SUBJECT ADDED ENTRY--PERSONAL NAME |
| Personal name |
Carrero Blanco, Luis |
| General subdivision |
Assassination. |
| 600 10 - SUBJECT ADDED ENTRY--PERSONAL NAME |
| Personal name |
Carrero Blanco, Luis |
| General subdivision |
In literature. |
| 650 #0 - SUBJECT ADDED ENTRY--TOPICAL TERM |
| Topical term or geographic name entry element |
Political violence |
| Geographic subdivision |
Spain |
| General subdivision |
Historiography. |
| 650 #0 - SUBJECT ADDED ENTRY--TOPICAL TERM |
| Topical term or geographic name entry element |
Collective memory |
| Geographic subdivision |
Spain. |
| 650 #0 - SUBJECT ADDED ENTRY--TOPICAL TERM |
| Topical term or geographic name entry element |
Nationalism |
| Geographic subdivision |
Spain |
| -- |
País Vasco. |
| 610 20 - SUBJECT ADDED ENTRY--CORPORATE NAME |
| Corporate name or jurisdiction name as entry element |
ETA (Organization). |
| 651 #0 - SUBJECT ADDED ENTRY--GEOGRAPHIC NAME |
| Geographic name |
Spain |
| General subdivision |
Politics and government |
| Chronological subdivision |
1939-1975. |
| 655 #0 - INDEX TERM--GENRE/FORM |
| Genre/form data or focus term |
Electronic books. |
| 700 1# - ADDED ENTRY--PERSONAL NAME |
| Personal name |
Eser, Patrick, |
| Relator term |
editor. |
| 700 1# - ADDED ENTRY--PERSONAL NAME |
| Personal name |
Peters, Stefan |
| Titles and other words associated with a name |
(Social scientist), |
| Relator term |
editor. |
| 791 2# - |
| -- |
Digitalia (Firm), |
| -- |
distributor. |
| 793 0# - |
| -- |
Digitalia eBook Collection: |
| -- |
Iberoamericana/Vervuert. |
| 776 08 - ADDITIONAL PHYSICAL FORM ENTRY |
| Relationship information |
Print version: |
| Title |
El atentado contra Carrero Blanco como lugar de (no-)memoria. |
| Place, publisher, and date of publication |
Madrid : Iberoamericana ; Frankfurt am Main : Vervuert Verlag, 2016 |
| International Standard Book Number |
9788484899341 |
| Record control number |
(OCoLC)945401559 |
| 830 #0 - SERIES ADDED ENTRY--UNIFORM TITLE |
| Uniform title |
Casa de la riqueza. |
| Name of part/section of a work |
Estudios de cultura de España ; |
| Volume/sequential designation |
34. |
| 856 40 - ELECTRONIC LOCATION AND ACCESS |
| Materials specified |
Digitalia Hispánica |
| Uniform Resource Identifier |
<a href="https://www.digitaliapublishing.com/a/57459/">https://www.digitaliapublishing.com/a/57459/</a> |
| 910 ## - USER-OPTION DATA (OCLC) |
| User-option data |
Premium Collection: 2019 |
| 942 ## - ADDED ENTRY ELEMENTS (KOHA) |
| Koha item type |
Recurso Electrónico |